[Event "46th Guernsey Open"]
[Site "?"]
[Date "2022.10.19"]
[Round "4"]
[White "Curtis, John E"]
[Black "Rogers, Bernard"]
[Result "1-0"]
[WhiteElo "2046"]
[BlackElo "1842"]
[PlyCount "39"]
[EventDate "2022.??.??"]

1. d4 d5 2. Nf3 Nf6 3. e3 Bg4 4. c4 e6 5. Qb3 b6 6. Ne5 Bd6 7. Nc3 Bxe5 8. dxe5
Nfd7 9. cxd5 O-O 10. f4 Qh4+ 11. g3 Qh5 12. Bg2 Nc5 13. Qc4 Bf3 14. O-O Bxg2
15. Kxg2 exd5 16. Nxd5 Nbd7 17. Nxc7 Rac8 18. Nd5 Rfe8 19. b4 Ne6 20. Ne7+ 1-0

[Event "46th Guernsey Open"]
[Site "?"]
[Date "2022.10.19"]
[Round "4"]
[White "Brookfield, Toby"]
[Black "Page, Mark E"]
[Result "1-0"]
[WhiteElo "1816"]
[BlackElo "2095"]
[PlyCount "77"]
[EventDate "2022.??.??"]

1. e4 c5 2. Nf3 Nf6 3. Nc3 d6 4. d4 cxd4 5. Nxd4 a6 6. f4 Qc7 7. Be2 b5 8. a3
e5 9. Nb3 Bb7 10. Qd3 Nbd7 11. g4 Nc5 12. Nxc5 dxc5 13. g5 c4 14. Qf3 Nd7 15.
Rf1 Bd6 16. f5 O-O-O 17. Be3 Bc5 18. b4 Bd4 19. Bd2 Nb6 20. O-O-O f6 21. h4 Rd7
22. Qg2 Rhd8 23. Bf3 Bxc3 24. Bxc3 Na4 25. Bd2 c3 26. Be3 a5 27. Rxd7 Rxd7 28.
gxf6 axb4 29. axb4 Nb2 30. Rg1 gxf6 31. Qg8+ Rd8 32. Qe6+ Qd7 33. Bb6 Re8 34.
Qxf6 Nc4 35. Rd1 Nd2 36. Bh5 Rg8 37. Qf7 Rh8 38. f6 Bxe4 39. Bg4 1-0

[Event "46th Guernsey Open"]
[Site "?"]
[Date "2022.10.19"]
[Round "4"]
[White "Remie, Peter"]
[Black "Nordby, Bernt"]
[Result "0-1"]
[WhiteElo "1749"]
[BlackElo "2012"]
[PlyCount "70"]
[EventDate "2022.??.??"]

1. Nf3 Nf6 2. g3 g6 3. Bg2 Bg7 4. d4 O-O 5. O-O d6 6. Re1 Nc6 7. c4 e5 8. dxe5
Nxe5 9. Nxe5 dxe5 10. Nc3 c6 11. Bg5 Qc7 12. Qc2 Re8 13. e4 Be6 14. b3 Nd7 15.
Rad1 Bf8 16. Na4 Nc5 17. Nxc5 Bxc5 18. Be3 Qb6 19. Bxc5 Qxc5 20. Re3 a5 21. a4
b5 22. axb5 cxb5 23. Bf1 a4 24. bxa4 Rxa4 25. Rc1 Bxc4 26. Rc3 Rc8 27. Bxc4
Rxc4 28. Rxc4 Qxc4 29. Qxc4 Rxc4 30. Rxc4 bxc4 31. Kf1 Kf8 32. Ke1 Ke7 33. Kd2
Kd6 34. Kc3 Kc5 35. f3 g5 0-1

[Event "46th Guernsey Open"]
[Site "?"]
[Date "2022.10.19"]
[Round "4"]
[White "Heppell, Ian N"]
[Black "Parker, Keith"]
[Result "1/2-1/2"]
[WhiteElo "1999"]
[BlackElo "1834"]
[PlyCount "133"]
[EventDate "2022.??.??"]

1. e4 Nf6 2. e5 Nd5 3. Nc3 Nxc3 4. dxc3 Nc6 5. Nf3 d6 6. Bb5 Bd7 7. Qe2 dxe5 8.
Nxe5 Nxe5 9. Qxe5 f6 10. Qe2 e6 11. Qxe6+ Be7 12. Qb3 c6 13. Bc4 Qb6 14. Bf7+
Kf8 15. Be3 Qxb3 16. Bxb3 b6 17. O-O-O Rd8 18. Bf4 Be8 19. Rxd8 Bxd8 20. Re1 g5
21. Bb8 a6 22. a4 h5 23. Bd6+ Kg7 24. c4 Bd7 25. c5 b5 26. Kd2 Re8 27. Rxe8
Bxe8 28. Ke3 Bf7 29. axb5 axb5 30. Bxf7 Kxf7 31. b4 Ke6 32. c4 f5 33. cxb5 cxb5
34. f4 g4 35. Kd4 h4 36. Be5 Be7 37. h3 g3 38. Bg7 Bd8 39. Bh6 Bf6+ 40. Kd3 Bd8
41. Bg5 Bc7 42. Kd4 Bb8 43. Ke3 Kd5 44. Be7 Kc4 45. c6 Kd5 46. Bxh4 Kxc6 47.
Be7 Ba7+ 48. Kf3 Bf2 49. h4 Kd7 50. Bf8 Ke8 51. Bc5 Be1 52. Ke2 Bc3 53. Kd3 Bf6
54. h5 Bg7 55. Bd4 Bf8 56. Bc3 Kf7 57. Ke3 Kg8 58. Kf3 Kh7 59. Kxg3 Kh6 60. Kf3
Kxh5 61. Be1 Bg7 62. Bf2 Bb2 63. Bc5 Bc3 64. Bd6 Be1 65. Ke2 Bg3 66. Ke3 Kg4
67. Kd4 1/2-1/2

[Event "46th Guernsey Open"]
[Site "?"]
[Date "2022.10.19"]
[Round "4"]
[White "Gravett, Alan D"]
[Black "Robinson, John K"]
[Result "1/2-1/2"]
[WhiteElo "1829"]
[BlackElo "1967"]
[PlyCount "85"]
[EventDate "2022.??.??"]

1. d4 Nf6 2. Nf3 g6 3. Bf4 Bg7 4. c3 d6 5. Nbd2 Nbd7 6. h3 O-O 7. e3 b6 8. Qc2
Bb7 9. Be2 c5 10. O-O cxd4 11. exd4 Re8 12. Rfe1 e5 13. Bg5 e4 14. Nh2 h6 15.
Bh4 Qe7 16. Bb5 g5 17. Bg3 a6 18. Bxd7 Qxd7 19. Nc4 Nh5 20. Nxd6 Re7 21. Nxb7
Qxb7 22. Nf1 Qc6 23. Qe2 Nf4 24. Bxf4 gxf4 25. Qh5 Rd8 26. Qh4 Qd6 27. Nd2 Rde8
28. Nc4 Qc7 29. Nd2 Re6 30. d5 R6e7 31. Re2 e3 32. fxe3 Rxe3 33. Rxe3 fxe3 34.
Nf3 Qd6 35. Re1 Qxd5 36. Re2 Qxa2 37. Qe1 Qe6 38. Qd1 Qe5 39. Qe1 b5 40. Nh2
Bf8 41. Ng4 Qf5 42. Qf1 Qxf1+ 43. Kxf1 1/2-1/2

[Event "46th Guernsey Open"]
[Site "?"]
[Date "2022.10.19"]
[Round "4"]
[White "Pink, Joshua"]
[Black "Plug, Arjan"]
[Result "1/2-1/2"]
[WhiteElo "1938"]
[BlackElo "1795"]
[PlyCount "157"]
[EventDate "2022.??.??"]

1. d4 Nf6 2. c4 Nc6 3. Nf3 e6 4. Nc3 Bb4 5. Qc2 O-O 6. Bg5 d6 7. e3 e5 8. d5
Nb8 9. Nd2 b6 10. Bd3 h6 11. Bh4 Bxc3 12. bxc3 Nbd7 13. Ne4 Nc5 14. Bxf6 gxf6
15. Nxc5 bxc5 16. Kd2 f5 17. Bxf5 Qh4 18. g3 Qxc4 19. Qd3 Ba6 20. Rhb1 Rab8 21.
Rb3 Qa4 22. Qc2 Qc4 23. Qd3 Qa4 24. Qe4 Qxe4 25. Bxe4 Rb6 26. Rxb6 cxb6 27. Bd3
Bxd3 28. Kxd3 f5 29. a4 f4 30. gxf4 exf4 31. Rg1+ Kf7 32. exf4 Kf6 33. h4 Kf5
34. Rg7 a6 35. Ke3 b5 36. axb5 axb5 37. Kf3 b4 38. cxb4 cxb4 39. Rb7 Rc8 40.
Rxb4 Rc3+ 41. Ke2 Rc2+ 42. Ke3 Rc3+ 43. Ke2 Rc2+ 44. Kf3 Rc3+ 45. Kg2 Rd3 46.
Rb8 Rxd5 47. Kg3 Rd3+ 48. f3 Kg6 49. Kg4 Rd1 50. f5+ Kf6 51. Rh8 Kg7 52. Rd8
Rd4+ 53. f4 Kf6 54. Rd7 h5+ 55. Kxh5 Rxf4 56. Rxd6+ Kxf5 57. Rd8 Rb4 58. Rf8+
Ke6 59. Kg5 Rb1 60. h5 Rg1+ 61. Kh6 Ke7 62. Rf2 Rg3 63. Kh7 Rg5 64. h6 Rg3 65.
Ra2 Kf8 66. Ra8+ Ke7 67. Ra7+ Kf8 68. Rg7 Rh3 69. Rg5 Kf7 70. Rf5+ Ke6 71. Rf4
Rg3 72. Kh8 Ke7 73. h7 Ke8 74. Ra4 Kf7 75. Ra7+ Kf8 76. Ra8+ Kf7 77. Rg8 Rf3
78. Rg7+ Kf8 79. Rf7+ 1/2-1/2

[Event "46th Guernsey Open"]
[Site "?"]
[Date "2022.10.19"]
[Round "4"]
[White "Dijksterhuis, Rolf"]
[Black "Simons, Sebastiaan"]
[Result "1/2-1/2"]
[WhiteElo "1911"]
[BlackElo "1771"]
[PlyCount "52"]
[EventDate "2022.??.??"]

1. e4 Nf6 2. e5 Nd5 3. d4 d6 4. Nf3 dxe5 5. dxe5 Bf5 6. Bc4 e6 7. O-O Be7 8. c3
O-O 9. Nbd2 c5 10. Re1 Nb6 11. Bb3 Nc6 12. Bc2 Bg4 13. h3 Bh5 14. Qe2 Qc7 15.
g4 Bg6 16. Nf1 Bxc2 17. Qxc2 Nd7 18. Qe4 Rae8 19. Bf4 b5 20. a4 a6 21. Rad1 c4
22. axb5 axb5 23. Nd4 Na7 24. b4 cxb3 25. Nxb3 Nc5 26. Nxc5 Bxc5 1/2-1/2

[Event "46th Guernsey Open"]
[Site "?"]
[Date "2022.10.19"]
[Round "4"]
[White "Hall, Alan"]
[Black "Giulian, Rosemary A"]
[Result "1/2-1/2"]
[WhiteElo "1723"]
[BlackElo "1868"]
[PlyCount "52"]
[EventDate "2022.??.??"]

1. d4 e6 2. Nf3 Nf6 3. e3 d5 4. Bd3 c5 5. c3 Nc6 6. Nbd2 cxd4 7. exd4 Bd6 8.
O-O O-O 9. Re1 Re8 10. Ne5 h6 11. Ndf3 Bxe5 12. dxe5 Nd7 13. Bf4 Nf8 14. Qd2 f5
15. h4 Re7 16. Rad1 Bd7 17. Kh2 Be8 18. Nd4 Bh5 19. f3 Rf7 20. Qf2 Nxd4 21.
cxd4 Ng6 22. g3 Nxf4 23. gxf4 Rc7 24. Kh3 Rac8 25. Rg1 Be8 26. Qd2 Qe7 1/2-1/2

[Event "46th Guernsey Open"]
[Site "?"]
[Date "2022.10.19"]
[Round "4"]
[White "Deepak, Ambattu Rithvik"]
[Black "Canonne, Antoine"]
[Result "1/2-1/2"]
[WhiteElo "1523"]
[BlackElo "1853"]
[PlyCount "94"]
[EventDate "2022.??.??"]

1. e4 c5 2. Nc3 e6 3. Nge2 Nc6 4. d4 cxd4 5. Nxd4 Bc5 6. Nb3 Bb6 7. Be2 Nge7 8.
Bf4 O-O 9. Bd6 a6 10. O-O f5 11. exf5 Rxf5 12. Bd3 Rf7 13. Ne4 Nf5 14. c4 Bc7
15. Bc2 Bxd6 16. Nxd6 Nxd6 17. Qxd6 Qf6 18. Rab1 Ne5 19. Nc5 g6 20. b3 Rf8 21.
Rbe1 Nf7 22. Qg3 Qg5 23. Qxg5 Nxg5 24. Rd1 Rd8 25. f4 Nf7 26. Na4 b5 27. Nb6
Rb8 28. c5 d6 29. b4 Bb7 30. Bb3 dxc5 31. bxc5 Rxd1 32. Rxd1 Rd8 33. Rc1 Bc6
34. Bxe6 Rd2 35. Bh3 g5 36. Nc8 Kf8 37. Na7 Bd7 38. c6 g4 39. cxd7 gxh3 40.
gxh3 Rxd7 41. Nc6 Rc7 42. Rc2 Nd8 43. Nb4 Rxc2 44. Nxc2 Ne6 45. f5 Ng7 46. Nb4
a5 47. Nc6 Nxf5 1/2-1/2

[Event "46th Guernsey Open"]
[Site "?"]
[Date "2022.10.19"]
[Round "4"]
[White "Dennis, Nigel W"]
[Black "Jongerius, Marc"]
[Result "1/2-1/2"]
[WhiteElo "1852"]
[BlackElo "1669"]
[PlyCount "54"]
[EventDate "2022.??.??"]

1. e4 d5 2. exd5 Nf6 3. d4 Bg4 4. f3 Bf5 5. Bb5+ c6 6. dxc6 bxc6 7. Bd3 e6 8.
Bxf5 Qa5+ 9. c3 Qxf5 10. Ne2 Bd6 11. Nd2 O-O 12. Nf1 Nbd7 13. Nfg3 Qb5 14. O-O
Rfe8 15. a4 Qa6 16. Be3 e5 17. dxe5 Bxe5 18. Bf2 Rad8 19. Qc2 Bxg3 20. Nxg3 Ne5
21. Rfe1 Nd3 22. Rxe8+ Rxe8 23. b4 Qc4 24. Rd1 Nxb4 25. Qb1 Nbd5 26. Bxa7 Qxa4
27. Bd4 c5 1/2-1/2

[Event "46th Guernsey Open"]
[Site "?"]
[Date "2022.10.19"]
[Round "4"]
[White "Kirk, Matthew"]
[Black "Havenaar, Jan"]
[Result "0-1"]
[WhiteElo "1738"]
[BlackElo "2008"]
[PlyCount "76"]
[EventDate "2022.??.??"]

1. d4 g6 2. Nf3 Bg7 3. e4 d6 4. c3 Nf6 5. Bd3 O-O 6. O-O Nc6 7. d5 Nb8 8. Be3
Nbd7 9. Nbd2 Nc5 10. Bxc5 dxc5 11. Qc2 e6 12. c4 b6 13. Rfe1 Ng4 14. h3 Ne5 15.
Nxe5 Bxe5 16. Nf3 Bg7 17. Rad1 e5 18. Nd2 Bh6 19. Nf3 Qf6 20. Qc3 Re8 21. Bc2
Bd7 22. Qa3 a6 23. Qd3 Qd6 24. g4 Bf4 25. Nh4 Qf6 26. Ng2 Kg7 27. Qc3 h5 28.
gxh5 Rh8 29. Nxf4 Qxf4 30. Re3 Rxh5 31. Kg2 Rah8 32. Rh1 Rh4 33. Rf3 Qg5+ 34.
Rg3 Qf6 35. Qe3 Rf4 36. Bd1 Rhh4 37. Be2 Rxe4 38. Qc3 Rxe2 0-1

[Event "46th Guernsey Open"]
[Site "?"]
[Date "2022.10.19"]
[Round "4"]
[White "De Dreu, Dies"]
[Black "Murray, J Stephen"]
[Result "1-0"]
[WhiteElo "1924"]
[BlackElo "1671"]
[PlyCount "127"]
[EventDate "2022.??.??"]

1. d4 Nf6 2. Nf3 e6 3. Bg5 Be7 4. Nbd2 d5 5. e3 Nbd7 6. Bd3 h6 7. Bh4 O-O 8.
O-O c5 9. c3 b6 10. Qe2 Bb7 11. Rfd1 Ne4 12. Bg3 Nxg3 13. hxg3 Nf6 14. Ne5 cxd4
15. exd4 Qc7 16. Re1 Bd6 17. a4 Rfe8 18. Qf3 Re7 19. Re3 Rf8 20. g4 Bxe5 21.
Rxe5 Nd7 22. Rh5 e5 23. Qg3 Nf6 24. Rxe5 Rxe5 25. dxe5 Ne4 26. Bxe4 dxe4 27.
Nf1 Re8 28. e6 Qxg3 29. exf7+ Kxf7 30. Nxg3 e3 31. f3 g6 32. Re1 Kf6 33. Nf1 e2
34. Ng3 Bc6 35. Kf2 Bxa4 36. Ne4+ Kg7 37. Rxe2 Bb5 38. Rd2 Re7 39. Rd6 Bc4 40.
Rd4 Bb5 41. c4 Bc6 42. Nc3 Kf7 43. b4 Bd7 44. Nb5 Bc6 45. Rf4+ Kg7 46. Nd4 Bb7
47. c5 bxc5 48. bxc5 Bc8 49. Nb5 a6 50. Nd6 Bd7 51. Re4 Kf6 52. Rxe7 Kxe7 53.
Ke3 Ke6 54. Kd4 a5 55. f4 Bc6 56. g3 a4 57. Nc4 Bd5 58. f5+ gxf5 59. gxf5+ Kxf5
60. Kxd5 Kg4 61. c6 a3 62. Nxa3 Kxg3 63. c7 h5 64. c8=Q 1-0

[Event "46th Guernsey Open"]
[Site "?"]
[Date "2022.10.19"]
[Round "4"]
[White "Sedgwick, David R"]
[Black "Roberts, Tallulah"]
[Result "1-0"]
[WhiteElo "1874"]
[BlackElo "1521"]
[PlyCount "41"]
[EventDate "2022.??.??"]

1. e4 e6 2. d4 d5 3. e5 b6 4. Bd3 Qd7 5. Nf3 Ba6 6. O-O Bxd3 7. Qxd3 Ne7 8. Nc3
Ng6 9. h4 h5 10. Bg5 Be7 11. Rfe1 O-O 12. Bxe7 Qxe7 13. Ng5 c5 14. Nxd5 exd5
15. e6 Qf6 16. exf7+ Rxf7 17. Re8+ Rf8 18. Rxf8+ Kxf8 19. Nh7+ Kf7 20. Nxf6
gxf6 21. Qf3 1-0

[Event "46th Guernsey Open"]
[Site "?"]
[Date "2022.10.19"]
[Round "4"]
[White "Goris Schouwstra, Adry"]
[Black "Nevska, Gerda"]
[Result "1/2-1/2"]
[WhiteElo "1695"]
[BlackElo "1841"]
[PlyCount "63"]
[EventDate "2022.??.??"]

1. d4 g6 2. c4 Bg7 3. Nf3 d6 4. Nc3 c5 5. d5 Bxc3+ 6. bxc3 f5 7. g3 Nf6 8. Bg2
Bd7 9. O-O b5 10. cxb5 Bxb5 11. Ng5 h6 12. Ne6 Qa5 13. Bb2 Bc4 14. a4 Na6 15.
Ng7+ Kf7 16. Ne6 Rab8 17. Qd2 Nc7 18. Nxc7 Qxc7 19. Rfe1 Qb7 20. Ba3 Qb3 21. e4
fxe4 22. Bxe4 Nxe4 23. Rxe4 Bxd5 24. Qf4+ Kg8 25. Rxe7 Qxa3 26. Rae1 Qb3 27.
Qxd6 Bf7 28. Rxf7 Qxf7 29. Qxb8+ Kh7 30. Qe5 Rc8 31. Qe7 Rc7 32. Qe5 1/2-1/2

[Event "46th Guernsey Open"]
[Site "?"]
[Date "2022.10.19"]
[Round "4"]
[White "Boudkeev, Timour"]
[Black "Collins, Alan"]
[Result "1-0"]
[WhiteElo "1839"]
[BlackElo "1606"]
[PlyCount "57"]
[EventDate "2022.??.??"]

1. d4 d6 2. c4 e5 3. d5 f5 4. Nf3 Nf6 5. Nc3 Be7 6. e3 O-O 7. Be2 c6 8. O-O Na6
9. b3 Nc7 10. dxc6 bxc6 11. Bb2 Nfe8 12. Qc2 Bf6 13. Rad1 Ne6 14. Qxf5 Qa5 15.
Qb1 Nc5 16. Nd2 Be6 17. Nde4 Nxe4 18. Nxe4 d5 19. Bc3 Qc7 20. Nxf6+ gxf6 21. f4
Ng7 22. fxe5 fxe5 23. Qb2 e4 24. Be5 Qb7 25. Bd6 Rxf1+ 26. Rxf1 Nf5 27. Qf6 Qf7
28. Qxf7+ Kxf7 29. g4 1-0

[Event "46th Guernsey Open"]
[Site "?"]
[Date "2022.10.19"]
[Round "4"]
[White "Poldermans, Daan"]
[Black "Ingham, H William"]
[Result "0-1"]
[WhiteElo "1626"]
[BlackElo "1831"]
[PlyCount "66"]
[EventDate "2022.??.??"]

1. e4 d5 2. exd5 Nf6 3. Nf3 Nxd5 4. d4 Bg4 5. Be2 e6 6. O-O Nc6 7. c3 Be7 8. h3
Bh5 9. Bd2 O-O 10. b4 a6 11. a4 Bf6 12. Na3 Nb6 13. a5 Nc8 14. Nc4 Nd6 15. g4
Nxc4 16. Bxc4 Bg6 17. Bf4 Be4 18. Ne5 Bd5 19. Bd3 Nxe5 20. Bxe5 Bxe5 21. dxe5
Qh4 22. Kh2 Rfd8 23. Qe2 f6 24. f4 Bc6 25. Bc4 Kh8 26. Qf2 Qxf2+ 27. Rxf2 fxe5
28. Bxe6 exf4 29. Bf5 g6 30. Bc2 g5 31. h4 h6 32. hxg5 hxg5 33. Kg1 Kg7 0-1

[Event "46th Guernsey Open"]
[Site "?"]
[Date "2022.10.19"]
[Round "4"]
[White "Goman, Colin"]
[Black "Downey, Keith"]
[Result "0-1"]
[WhiteElo "1619"]
[BlackElo "1808"]
[PlyCount "108"]
[EventDate "2022.??.??"]

1. d4 Nf6 2. c4 e6 3. Nf3 b6 4. e3 Bb7 5. Bd3 d5 6. b3 Nbd7 7. O-O Bd6 8. Nbd2
O-O 9. Qc2 c5 10. e4 cxd4 11. Nxd4 Rc8 12. Re1 h6 13. exd5 Nxd5 14. Be4 Nb4 15.
Qd1 Bxe4 16. Nxe4 Be7 17. a3 Nc6 18. Nf3 Nf6 19. Qe2 Nxe4 20. Qxe4 Bf6 21. Ra2
Qe7 22. a4 Rfd8 23. Ba3 Qc7 24. Bb2 Bxb2 25. Rxb2 Rd7 26. Rd2 Rcd8 27. Rxd7
Qxd7 28. h3 Qd6 29. Kh1 Rd7 30. Kg1 Rd8 31. Kh1 Na5 32. Qc2 Qb4 33. Re3 Nc6 34.
Kg1 Nd4 35. Nxd4 Rxd4 36. Rd3 Qe1+ 37. Kh2 Qe4 38. Rc3 Qf4+ 39. Kg1 Qd6 40. g3
Rd1+ 41. Kh2 Rd2 42. Qe4 Rxf2+ 43. Kg1 Rd2 44. Qa8+ Kh7 45. Qe4+ g6 46. Re3
Rd1+ 47. Kg2 Qd2+ 48. Re2 Qc1 49. g4 Rg1+ 50. Kf3 Qf1+ 51. Rf2 Qd1+ 52. Kf4
Qd6+ 53. Kf3 Kg7 54. Qe3 Rg3+ 0-1

[Event "46th Guernsey Open"]
[Site "?"]
[Date "2022.10.19"]
[Round "4"]
[White "Dubois, Claude"]
[Black "Royle, Nick"]
[Result "1/2-1/2"]
[WhiteElo "1807"]
[BlackElo "1482"]
[PlyCount "39"]
[EventDate "2022.??.??"]

1. e4 e5 2. Nf3 Nf6 3. Nxe5 d6 4. Nf3 Nxe4 5. Nc3 Nxc3 6. dxc3 Bf5 7. Bd3 Bxd3
8. cxd3 Be7 9. O-O O-O 10. Re1 Nc6 11. d4 Bf6 12. Be3 Qd7 13. Ng5 Qf5 14. Nf3
Qb5 15. Rb1 Qc4 16. Ra1 Qb5 17. Qc2 Qh5 18. Rad1 Rfe8 19. Bf4 Qg6 20. Qxg6
1/2-1/2

[Event "46th Guernsey Open"]
[Site "?"]
[Date "2022.10.19"]
[Round "4"]
[White "Berkley, Stephen W"]
[Black "Turner, David J"]
[Result "0-1"]
[WhiteElo "1617"]
[BlackElo "1754"]
[PlyCount "86"]
[EventDate "2022.??.??"]

1. d4 d6 2. c4 Nf6 3. Nc3 g6 4. e4 Bg7 5. Nge2 c5 6. d5 O-O 7. Ng3 a6 8. Be2 e5
9. h4 h5 10. Bg5 Qc7 11. Qd2 Kh7 12. f3 Nbd7 13. Bd3 Rh8 14. O-O-O Kg8 15. Rdg1
Rb8 16. Nge2 b5 17. cxb5 c4 18. Bc2 axb5 19. Kd1 Nc5 20. Nc1 b4 21. N3e2 Ba6
22. g3 Kh7 23. Ke1 Rhc8 24. Kf1 Qa5 25. Bb1 Bb5 26. Kg2 Na4 27. Rh2 c3 28. bxc3
Bxe2 29. Nxe2 bxc3 30. Qe1 Nb2 31. Kh1 Qa3 32. Bc2 Rc7 33. Nc1 Rbc8 34. Bb3 Qb4
35. Rc2 Na4 36. Qe3 Nd7 37. Bxa4 Qxa4 38. Nb3 f6 39. g4 hxg4 40. h5 fxg5 41.
Qxg5 gxh5 42. Qxh5+ Kg8 43. Rxg4 Nf6 0-1

[Event "46th Guernsey Open"]
[Site "?"]
[Date "2022.10.19"]
[Round "4"]
[White "Finch, Russell J"]
[Black "Rutten, David"]
[Result "0-1"]
[WhiteElo "1613"]
[BlackElo "1750"]
[PlyCount "76"]
[EventDate "2022.??.??"]

1. Nf3 d5 2. g3 Nf6 3. Bg2 c6 4. d3 Bg4 5. Nbd2 Nbd7 6. O-O e5 7. e4 dxe4 8.
dxe4 Bc5 9. Qe2 O-O 10. Re1 Re8 11. Nf1 Nf8 12. c3 Qc7 13. Qc2 Ne6 14. Be3 Rad8
15. Rad1 Bh5 16. Bxc5 Nxc5 17. Rxd8 Rxd8 18. N1d2 b5 19. h3 Qd6 20. g4 Bg6 21.
Nb3 Ncxe4 22. Nxe5 Qxe5 23. f3 Nd6 24. Rxe5 Bxc2 25. Nd4 Nd7 26. Nxc6 Nxe5 27.
Nxd8 g5 28. Nb7 Nxb7 29. f4 gxf4 30. Bxb7 Kg7 31. Kg2 Kg6 32. Bd5 f5 33. b3
fxg4 34. hxg4 Kg5 35. c4 bxc4 36. bxc4 Kxg4 37. c5 Ba4 38. Be4 Bc6 0-1

[Event "46th Guernsey Open"]
[Site "?"]
[Date "2022.10.19"]
[Round "4"]
[White "Glover, John"]
[Black "Rowe, Oliver"]
[Result "0-1"]
[WhiteElo "1678"]
[BlackElo "1515"]
[PlyCount "90"]
[EventDate "2022.??.??"]

1. Nf3 b6 2. g3 Bb7 3. Bg2 e6 4. O-O Nf6 5. d4 d5 6. b3 Be7 7. Bb2 Nbd7 8. c4
dxc4 9. bxc4 c5 10. e3 Rc8 11. Nbd2 O-O 12. Rc1 Ne4 13. Nxe4 Bxe4 14. Ne1 Bxg2
15. Nxg2 Bf6 16. Qe2 Qe7 17. Nf4 cxd4 18. exd4 e5 19. Nd5 Qe8 20. Nxf6+ Nxf6
21. dxe5 Qe6 22. Rfe1 Rfe8 23. Qf3 Nd7 24. Qd5 Rc5 25. Qxe6 Rxe6 26. f4 f6 27.
Red1 Rc7 28. Rd6 Rxd6 29. exd6 Rc6 30. Ba3 Rc8 31. Kf2 Kf7 32. Re1 Re8 33. Re7+
Rxe7 34. dxe7 Nc5 35. Bb4 Kxe7 36. a4 Ke6 37. a5 Nd3+ 38. Ke3 Nxb4 39. axb6
axb6 40. Ke4 f5+ 41. Kd4 h5 42. Kc3 Nc6 43. Kb3 Kd6 44. Kc3 Kc5 45. Kd3 Na5 0-1

[Event "46th Guernsey Open"]
[Site "?"]
[Date "2022.10.19"]
[Round "4"]
[White "Frijling, Jeroen"]
[Black "Hafthorsson, Jon Ulfur"]
[Result "0-1"]
[WhiteElo "1669"]
[BlackElo "1327"]
[PlyCount "70"]
[EventDate "2022.??.??"]

1. d4 Nf6 2. c4 g6 3. Nc3 Bg7 4. e4 d6 5. f3 O-O 6. Be3 e5 7. d5 Nfd7 8. Bd3
Nc5 9. Bc2 f5 10. exf5 Bxf5 11. Nge2 Bxc2 12. Qxc2 Qh4+ 13. Ng3 Qxc4 14. O-O-O
Nbd7 15. h4 Nf6 16. h5 e4 17. fxe4 Ng4 18. Bxc5 Qxc5 19. hxg6 Qe3+ 20. Rd2 Qxg3
21. gxh7+ Kh8 22. Rh3 Qe5 23. Kb1 Rf1+ 24. Rd1 Raf8 25. Rf3 R8xf3 26. gxf3 Ne3
27. Qe2 Rxd1+ 28. Nxd1 Nxd1 29. f4 Qxb2+ 30. Qxb2 Nxb2 31. e5 dxe5 32. Kxb2
exf4+ 33. Kc2 f3 34. Kd3 f2 35. Ke2 Bd4 0-1

[Event "46th Guernsey Open"]
[Site "?"]
[Date "2022.10.19"]
[Round "4"]
[White "Harnden, Terry"]
[Black "Gunn, Michael J"]
[Result "1/2-1/2"]
[WhiteElo "1488"]
[BlackElo "1596"]
[PlyCount "96"]
[EventDate "2022.??.??"]

1. e4 d5 2. exd5 Nf6 3. Nf3 Bg4 4. Nc3 Nxd5 5. Nxd5 Qxd5 6. Be2 Nc6 7. O-O
O-O-O 8. d3 f6 9. h3 Bh5 10. Bf4 e5 11. Bh2 Bf7 12. c3 g5 13. Nd2 h5 14. Ne4
Be7 15. Ng3 Bg6 16. Re1 Kb8 17. Bxh5 Bxh5 18. Nxh5 Qxd3 19. Qxd3 Rxd3 20. Ng3
Rd2 21. Rab1 Rhd8 22. Ne4 Rc2 23. Rec1 Rxc1+ 24. Rxc1 f5 25. Ng3 Rd2 26. Nxf5
Bc5 27. Bg3 Rxb2 28. Kf1 Rxa2 29. h4 gxh4 30. Nxh4 a5 31. Nf3 e4 32. Ne1 e3 33.
Nc2 exf2 34. Bxf2 Bxf2 35. Kxf2 Ra4 36. Ne3 Rf4+ 37. Ke2 b6 38. g4 Ne5 39. Rg1
Ng6 40. Kd3 c6 41. Ke2 Kb7 42. Nf5 b5 43. Ke3 Kc7 44. Nd4 Rf6 45. Rh1 Ne5 46.
g5 Rg6 47. Ke4 Nc4 48. Kf5 Rg8 1/2-1/2

[Event "46th Guernsey Open"]
[Site "?"]
[Date "2022.10.19"]
[Round "4"]
[White "Nalichowski, Bogdan"]
[Black "Beadle, John R"]
[Result "1-0"]
[WhiteElo "1361"]
[BlackElo "1556"]
[PlyCount "45"]
[EventDate "2022.??.??"]

1. e4 c5 2. Nc3 e6 3. Bc4 Nc6 4. Nf3 Be7 5. a3 a6 6. d3 b5 7. Bb3 Bb7 8. O-O d6
9. Re1 Nf6 10. h3 O-O 11. Bf4 Rc8 12. Ne2 a5 13. c4 a4 14. cxb5 axb3 15. bxc6
Bxc6 16. Qxb3 Rb8 17. Qc2 Qd7 18. Nc3 Rb7 19. Nd2 Rfb8 20. Reb1 Nh5 21. Bh2 Bg5
22. Nc4 d5 23. Na5 1-0

[Event "46th Guernsey Open"]
[Site "?"]
[Date "2022.10.20"]
[Round "5"]
[White "Jackson, Oliver A"]
[Black "Chatalbashev, Boris"]
[Result "0-1"]
[WhiteElo "2095"]
[BlackElo "2488"]
[PlyCount "30"]
[EventDate "2022.??.??"]

1. e4 c5 2. Nc3 Nc6 3. f4 g6 4. Nf3 Bg7 5. Bb5 Nd4 6. O-O Nh6 7. d3 e6 8. f5
gxf5 9. Bxh6 Bxh6 10. exf5 Nxf5 11. Ne4 O-O 12. Ne5 d5 13. Ng4 Bg7 14. Qe1 h5
15. Rxf5 exf5 0-1

[Event "46th Guernsey Open"]
[Site "?"]
[Date "2022.10.20"]
[Round "5"]
[White "Hebden, Mark L"]
[Black "Teeuwen, Jos"]
[Result "1-0"]
[WhiteElo "2434"]
[BlackElo "2029"]
[PlyCount "121"]
[EventDate "2022.??.??"]

1. d4 Nf6 2. Nf3 g6 3. g3 Bg7 4. Bg2 O-O 5. O-O d6 6. c4 Nc6 7. Nc3 Bf5 8. d5
Na5 9. Nh4 Bd7 10. Qd3 Ng4 11. b3 c6 12. Rb1 cxd5 13. Nxd5 Nc6 14. Bb2 Nce5 15.
Qd2 e6 16. Nc3 Bc6 17. h3 Bxg2 18. Nxg2 Nf6 19. Rfd1 Qa5 20. Ne4 Qxd2 21. Nxf6+
Bxf6 22. Rxd2 Rfd8 23. Rbd1 Kf8 24. Ne3 Nd7 25. Rxd6 Bxb2 26. Rxd7 Rxd7 27.
Rxd7 Rb8 28. Nc2 Ke8 29. Rd3 b5 30. Ne3 Bc1 31. cxb5 Bxe3 32. Rxe3 Rxb5 33. Re4
Kd7 34. Rc4 Kd6 35. Kf1 Re5 36. a4 Rc5 37. Rb4 Kc6 38. g4 e5 39. g5 Rc1+ 40.
Kg2 a5 41. Rh4 Kd6 42. b4 axb4 43. Rxb4 Ke6 44. e4 Rc3 45. Rb6+ Ke7 46. Ra6 Rc2
47. Ra8 Ra2 48. h4 Ke6 49. Ra7 Ra1 50. a5 Ra3 51. a6 Ra2 52. Kf3 Ra3+ 53. Ke2
Ra2+ 54. Kd3 Rxf2 55. Rb7 Ra2 56. Rb6+ Ke7 57. Kc4 Rd2 58. Rb7+ Ke6 59. a7 Ra2
60. Kb5 f5 61. Rb6+ 1-0

[Event "46th Guernsey Open"]
[Site "?"]
[Date "2022.10.20"]
[Round "5"]
[White "Rosen, Daniel B"]
[Black "Hunt, Harriet V"]
[Result "0-1"]
[WhiteElo "1976"]
[BlackElo "2395"]
[PlyCount "70"]
[EventDate "2022.??.??"]

1. e4 c5 2. Nc3 Nc6 3. g3 g6 4. Bg2 Bg7 5. d3 d6 6. f4 e6 7. Nf3 Nge7 8. O-O
O-O 9. Kh1 Rb8 10. Qe1 Nd4 11. Nxd4 cxd4 12. Ne2 f5 13. c3 dxc3 14. Nxc3 b5 15.
Qf2 Qd7 16. Be3 b4 17. Ne2 a5 18. Nd4 Ba6 19. Rfd1 a4 20. Rac1 Rfc8 21. Qd2 e5
22. Nf3 Rxc1 23. Rxc1 b3 24. a3 Bb7 25. Qb4 exf4 26. Bd4 fxe4 27. dxe4 fxg3 28.
Bxg7 Kxg7 29. Qd4+ Kg8 30. Qc4+ d5 31. exd5 Bxd5 32. Qd4 Rf8 33. Qe3 gxh2 34.
Kxh2 Bxf3 35. Bxf3 Rxf3 0-1

[Event "46th Guernsey Open"]
[Site "?"]
[Date "2022.10.20"]
[Round "5"]
[White "Hewson, Brian WR"]
[Black "Johnsen, Gunnar"]
[Result "1/2-1/2"]
[WhiteElo "2028"]
[BlackElo "2121"]
[PlyCount "20"]
[EventDate "2022.??.??"]

1. b3 d5 2. Bb2 Nf6 3. e3 c6 4. Be2 Bf5 5. Nf3 e6 6. d3 h6 7. Nbd2 Be7 8. Ne5
O-O 9. O-O Nbd7 10. Ndf3 Nxe5 1/2-1/2

[Event "46th Guernsey Open"]
[Site "?"]
[Date "2022.10.20"]
[Round "5"]
[White "Onslow, Alfie"]
[Black "Van Dijk, Bram"]
[Result "1-0"]
[WhiteElo "2115"]
[BlackElo "1950"]
[PlyCount "81"]
[EventDate "2022.??.??"]

1. e4 g6 2. d4 Bg7 3. Nc3 d6 4. Be3 a6 5. Nf3 b5 6. Bd3 Bb7 7. h4 h6 8. Ne2 Nd7
9. Ng3 e6 10. Qd2 c5 11. c3 Qc7 12. a4 bxa4 13. Rxa4 Nb6 14. Ra3 c4 15. Bc2 Nf6
16. h5 g5 17. Nxg5 hxg5 18. Bxg5 Nh7 19. h6 Bf8 20. Nh5 Nxg5 21. Nf6+ Kd8 22.
Qxg5 Kc8 23. Ng4 d5 24. Qf6 Rh7 25. e5 Nd7 26. Qf3 Rh8 27. Ra1 f5 28. exf6 e5
29. dxe5 Nxe5 30. Qf5+ Nd7 31. h7 d4 32. f3 Kb8 33. cxd4 Ka7 34. O-O Bb4 35.
Be4 Nf8 36. Ra4 Qb6 37. Bxb7 Qxb7 38. Ne5 Bd6 39. Nxc4 Bg3 40. Qc5+ Kb8 41. Rb4
1-0